Mentes líderes: una anatomía del liderazgo
Đã lưu trong:
| Những tác giả chính: | , |
|---|---|
| Định dạng: | Sách |
| Ngôn ngữ: | Tiếng Tây Ban Nha |
| Được phát hành: |
Barcelona
Paidós
1998
|
| Loạt: | Colección Paidós Transiciones, 11
|
| Những chủ đề: | |
| Các nhãn: |
Thêm thẻ
Không có thẻ, Là người đầu tiên thẻ bản ghi này!
|
MARC
| LEADER | 00000nam a2200000 a 4500 | ||
|---|---|---|---|
| 001 | UCP6006 | ||
| 003 | CL-VaPUC | ||
| 008 | 991008e19980000SP |||||||||||||||||spa|d | ||
| 020 | |a 844930542X | ||
| 082 | 0 | 4 | |a 153.8 |b GAR |2 21 |
| 100 | |a Gardner, Howard |e author |9 245668 | ||
| 700 | 0 | |a Laskin, Emma |e author |9 434758 | |
| 245 | 1 | 0 | |a Mentes líderes: una anatomía del liderazgo |
| 300 | |a 463 p | ||
| 942 | |c BK | ||
| 945 | |d 19991008 00:00:00 |a rbrito | ||
| 260 | |a Barcelona |b Paidós |c 1998 | ||
| 650 | 0 | |a Liderazgo |9 271835 | |
| 650 | 0 | |a Cognición |9 270347 | |
| 650 | 0 | |a Inteligencia |9 267038 | |
| 583 | |a last modification |c 19991008 00:00:00 |k Rodrigo Vera | ||
| 490 | 0 | |a Colección Paidós Transiciones, 11 | |
| 999 | |c 283640 |d 283638 | ||
| 952 | |0 0 |1 0 |4 0 |6 153_800000000000000_GAR_1998 |7 0 |8 A |9 326935 |a BIBEDU |b BIBEDU |d 2019-11-20 |i 3564274 |o 153.8 GAR 1998 |p 3564274 |r 2019-11-20 |w 2019-11-20 |y BK |k PSI | ||
| 952 | |0 0 |1 0 |4 0 |6 153_800000000000000_GAR_1998 |7 0 |8 A |9 326936 |a BIBEDU |b BIBEDU |d 2019-11-20 |i 4303849 |o 153.8 GAR 1998 |p 4303849 |r 2019-11-20 |w 2019-11-20 |y BK |k EBA | ||
| 952 | |0 0 |1 0 |4 0 |6 153_800000000000000_GAR_1998 |7 0 |8 A |9 326937 |a BIBEDU |b BIBEDU |d 2019-11-20 |i 4339762 |o 153.8 GAR 1998 |p 4339762 |r 2019-11-20 |w 2019-11-20 |y BK |k PSI | ||